Le identità gay Conversazioni con noti uomini gay ed un saggio introduttivo sul processo di coming out

Guardado en:
Detalles Bibliográficos
Autor principal: Iaculo, Giuseppe
Formato: Libro
Lenguaje:inglés
Publicado: Roma 2002 Fabio Croce Editore
Edición:Seconda edizione riveduta
Etiquetas: Agregar Etiqueta
Sin Etiquetas, Sea el primero en etiquetar este registro!

MARC

LEADER 00000nam a2200000 4500
005 20240710184841.0
008 240710b |||||||| |||| 00| 0 eng d
020 |a 9788887323566 
040 |c GP 
100 |a Iaculo, Giuseppe 
245 |a Le identità gay  |b Conversazioni con noti uomini gay ed un saggio introduttivo sul processo di coming out 
250 |a Seconda edizione riveduta 
260 |a Roma  |b 2002  |c Fabio Croce Editore 
942 |2 ddc  |c BK  |n 0 
952 |0 0  |1 0  |2 ddc  |4 0  |6 366_766000000000000_IAC  |7 1  |9 1611  |a RM  |b RM  |d 2024-07-10  |l 0  |o 366.766 IAC  |p 357  |r 2024-07-10 18:49:00  |w 2024-07-10  |y BK 
999 |c 1430  |d 1430